Normal view
MARC view
Entry Personal Name
001 - CONTROL NUMBER
- control field: 520
003 - CONTROL NUMBER IDENTIFIER
- control field: ARRUPE
005 - DATE AND TIME OF LATEST TRANSACTION
- control field: 20130918122113.0
008 - FIXED-LENGTH DATA ELEMENTS
- fixed length control field: 130918|| aca||aabn | a|a d
040 ## - CATALOGING SOURCE
- Original cataloging agency: ARRUPE
- Transcribing agency: ARRUPE
100 ## - HEADING--PERSONAL NAME
- Personal name: Mandela, Nelson,
- Dates associated with a name: 1918-
- General subdivision: Political activity.
670 ## - SOURCE DATA FOUND
- Source citation: Work cat.: (ARRUPE)0: Smith, David James, 1956- 519, Young Mandela /, 2010.